000 00542nam a2200193 i 4500
001 bg
100 1 _aHORWATT, Włodzimierz
245 0 _aPodstawy konstrukcji mechanicznych dla elektryków /
_cWłodzimierz Horwatt, Jerzy Bartoszewicz.
250 _aWyd. 2 zm.
260 _aWarszawa :
_bWNT,
_c1975.
650 9 _aMaszyny
_xbudowa i konstrukcje
655 _aPodręczniki akademickie
700 1 _aBARTOSZEWICZ, Jerzy
040 _cBPK
041 _apol
080 _a621
942 _cKS
008 s pl f |000 0 pol
999 _c16588
_d16588
856 _uhttp://koha.tu.koszalin.pl/cgi-bin/koha/opac-detail.pl?biblionumber=16588
_yKatalog online BPK